Logistica de almacenamiento y manejo de materiales de clase mundial / (Record no. 110477)

MARC details
000 -LEADER
campo de control de longitud fija 00858cam a22002653a 4500
001 - NÚMERO DE CONTROL
campo de control 50602
005 - FECHA Y HORA DE LA ÚLTIMA TRANSACCIÓN
campo de control 20230411090004.0
008 - DATOS DE LONGITUD FIJA--INFORMACIÓN GENERAL
campo de control de longitud fija 070510s2007 xx 000 0 spa d
035 ## - NÚMERO DE CONTROL DEL SISTEMA
Número de control de sistema (OCoLC)ocn154711502
040 ## - FUENTE DE CATALOGACIÓN
Centro catalogador/agencia de origen BTCTA
Centro/agencia transcriptor BTCTA
Centro/agencia modificador BAKER
-- YDXCP
020 ## - NÚMERO INTERNACIONAL ESTÁNDAR DEL LIBRO
Número Internacional Estándar del Libro 9789580498643
020 ## - NÚMERO INTERNACIONAL ESTÁNDAR DEL LIBRO
Número Internacional Estándar del Libro 9580498644
035 ## - NÚMERO DE CONTROL DEL SISTEMA
Número de control de sistema (OCoLC)154711502
049 ## - FONDOS LOCALES (OCLC)
Biblioteca depositaria GRAL
100 ## - ENTRADA PRINCIPAL--NOMBRE DE PERSONA
Nombre de persona Frazelle, Edward H.
245 00 - MENCIÓN DEL TÍTULO
Título Logistica de almacenamiento y manejo de materiales de clase mundial /
Mención de responsabilidad, etc. Edward H. Frazelle, Ricardo Sojo
260 ## - PUBLICACIÓN, DISTRIBUCIÓN, ETC.
Lugar de publicación, distribución, etc. Bogotá :
Nombre del editor, distribuidor, etc. Editorial Norma,
Fecha de publicación, distribución, etc. 2007.
700 ## - ENTRADA AGREGADA--NOMBRE PERSONAL
Nombre de persona Sojo, Ricardo
720 ## - ENTRADA AGREGADA--NOMBRE NO CONTROLADO
Nombre Frazelle, Edward H.
938 ## -
-- Baker and Taylor
-- BTCP
-- BK0007265168
938 ## -
-- Baker & Taylor
-- BKTY
-- 20.00
-- 15.00
-- 9580498644
-- 0007265168
-- active
938 ## -
-- YBP Library Services
-- YANK
-- 2685431
942 ## - ELEMENTOS DE ENTRADA SECUNDARIOS (KOHA)
Fuente del sistema de clasificación o colocación Clasificación de Library of Congress
Tipo de ítem Koha
994 ## -
-- C0
-- DRFGD
Holdings
Estatus retirado Estado de pérdida Fuente del sistema de clasificación o colocación Estado de daño No para préstamo Colección Biblioteca de origen Biblioteca actual Ubicación en estantería Fecha de adquisición Código de barras Visto por última vez Copia número Tipo de ítem Koha
    Clasificación de Library of Congress     Automatización y Procesos Técnicos Biblioteca Juan Bosch Biblioteca Juan Bosch Automatización y Procesos Técnicos (1er. Piso) 11/04/2023 00000052136 17/02/2019 1